000 00663nam a2200229Ia 4500
003 OSt
005 20220926035953.0
006 a|||||r|||| 00| 0
007 ta
008 220923b |||||||| |||| 00| 0 eng d
037 _cGeneral Book
040 _aRTL
_cRTL
_beng
041 _2eng
_aeng
082 _aX:B286, K2
100 _aFisher Franklin M
_9128883
245 0 _aPriori information and time series analysis
_b Essa
260 _c1962
490 _aContributions to Economic Analysis Ed by R Strotz, and others
650 _aEconomic Statistics
942 _hX:B286, K2
_cGB
_2CC
999 _c663557
_d663557